000 00711nam a22002417a 4500
003 UA-OsUOA
001 89442
007 ta
008 20121106b un ||||| |||| 00| 0 ukr d
100 _aЗореслав (Сабол С. М.)
090 _a821.161.2
_bЗ-86
942 _cBK
040 _aUA-OsUOA
_bukr
_cUA-OsUOA
_dUA-OsUOA
245 _aБлакитні ескадри
_bвибрані твори
300 _a430 с.
955 _a3
041 _aukr
080 _a821.161.2
020 _a966-347-055-0
260 _aУжгород
_bВАТ "Видавництво "Закарпаття"
_c2009
650 7 _a82 Література. Літературознавство
_2UDC
999 _c375729
_d375729